Орел и дракон

Bibliographic Details
Main Author: Алёхин П. Павел
Summary:Наш мир знал считанные единицы таких героев. Начав свой путь как обычный варяжский конунг, один из множества тех, что бороздили холодное северное море, он сумел победить врагов, преодолеть разногласия среди союзников и дать начало династии, которой суждено было создать величайшую державу мира. Пока что его зовут Рерик сын Хальвдана, и он не получил в наследство ничего, кроме славного имени и гордости за своих знаменитых предков. Вместе со старшим братом Харальдом Рерик отправляется во Францию, туда, где истинные викинги добывают золото и славу. Ему предстоит увидеть зелень далеких берегов, услышать звон булата, ощутить запах горящих деревень... Ведь он прирожденный победитель, появившийся на свет ради битвы!Встречайте: князь Рюрик идет!
Language:Russian
Published: СПб., Крылов, 2009
Series:Историческая авантюра
Subjects:
Format: Book
KOHA link:https://koha.lib.tpu.ru/cgi-bin/koha/opac-detail.pl?biblionumber=179699

MARC

LEADER 00000nam0a2200000 4500
001 179699
005 20231031170511.0
010 |a 9785971709008 
035 |a (RuTPU)RU\TPU\book\194799 
090 |a 179699 
100 |a 20100426d2009 m y0rusy50 ca 
101 0 |a rus 
102 |a RU 
105 |a y z 000ay 
200 1 |a Орел и дракон  |f П. Алёхин 
210 |a СПб.  |c Крылов  |d 2009 
215 |a 439 с. 
225 1 |a Историческая авантюра 
330 |a Наш мир знал считанные единицы таких героев. Начав свой путь как обычный варяжский конунг, один из множества тех, что бороздили холодное северное море, он сумел победить врагов, преодолеть разногласия среди союзников и дать начало династии, которой суждено было создать величайшую державу мира. Пока что его зовут Рерик сын Хальвдана, и он не получил в наследство ничего, кроме славного имени и гордости за своих знаменитых предков. Вместе со старшим братом Харальдом Рерик отправляется во Францию, туда, где истинные викинги добывают золото и славу. Ему предстоит увидеть зелень далеких берегов, услышать звон булата, ощутить запах горящих деревень... Ведь он прирожденный победитель, появившийся на свет ради битвы!Встречайте: князь Рюрик идет! 
610 1 |a русская литература 
610 1 |a романы 
610 1 |a исторические романы 
610 1 |a приключения 
610 1 |a авантюрные романы 
675 |a Р2  |v 3 
700 1 |a Алёхин  |b П.  |g Павел 
801 1 |a RU  |b 63413507  |c 20100426 
801 2 |a RU  |b 63413507  |c 20100428  |g RCR 
942 |c BK